| 000 | 004850000a22001810004500 | ||
|---|---|---|---|
| 003 | MACL | ||
| 005 | 20160113163559.0 | ||
| 008 | 160113b xxu||||| |||| 00| 0 eng d | ||
| 040 |
_aMACL _cMACL |
||
| 041 | _aEnglish | ||
| 082 | _a954/MUN | ||
| 100 |
_aMunshi, K M _932020 |
||
| 245 |
_aThe Struggle for Empire _bThe History and culture of the Indian People |
||
| 260 |
_bBhartiya Vidya Bhavan _c1957 _aBombay |
||
| 350 | _a35 | ||
| 650 |
_aHistory _932021 |
||
| 942 |
_cBK _k954/MUN _2ddc |
||
| 999 |
_c35996 _d35996 |
||